01032cam a22002651 4500001001300000003000400013005001700017008004100034010001700075035002000092040004600112042001200158050001700170100003300187245009800220260004500318300010400363490005100467500007100518504006800589650002000657650002200677710005000699999001700749gs 19000377 DLC20260227111323.0850520s1917 sp abf b 000 0 spa c ags 19000377  a(OCoLC)12057823 aLibrary, U.S. Geological SurveycDSIdDLC apremarc00aQE283.A4bS42 aOrueta y Duarte, Domingo de.00aEstudio geológico y petrográfico de la Serranía de Ronda,cpor D. Domingo de Orueta ... aMadrid,bImprenta de J. Palacios,c1917. axxvii, 571 p.bdiagrs.c27 cm. andeatlas of 3 p. l., XVI col. pl., 2 fold. maps, fold. col. diagr.0 aMemorias del Instituto geológico de España aEach plate of atlas preceded by leaf with descriptive letterpress. a"Notas bibliográficas sobre la Serranía de Ronda": p. 1-76. 0aGeologyzSpain. 0aPetrologyzSpain.2 aInstituto Geológico de España.tMemorias. c25957d25957